A mesterséges intelligencia többdimenziós alkalmazása a Wolt működésében
| Szerző: | |
|---|---|
| További közreműködők: | |
| Dokumentumtípus: | Diplomadolgozat |
| Kulcsszavak: | e-marketing - elektronikus marketing elektronikus megrendelés(ek) mesterséges intelligencia ügyfélszolgálat vásárlói magatartás |
| Online Access: | http://dolgozattar.uni-bge.hu/59650 |
MARC
| LEADER | 00000nta a2200000 i 4500 | ||
|---|---|---|---|
| 001 | dolg59650 | ||
| 005 | 20260409145351.0 | ||
| 008 | 260409suuuu hu om 000 hun d | ||
| 040 | |a BGE Dolgozattár Repozitórium |b hun | ||
| 041 | |a hu | ||
| 100 | 1 | |a Riedl Fruzsina Anna | |
| 245 | 1 | 2 | |a A mesterséges intelligencia többdimenziós alkalmazása a Wolt működésében |c Riedl Fruzsina Anna |h [elektronikus dokumentum] |
| 520 | 3 | |a A dolgozatomban a mesterséges intelligencia (MI) marketingben betöltött szerepét vizsgálom, különös figyelmet fordítva a Wolt működésére. A kutatás során az MI alkalmazásának hatásait a vásárlói út különböző szakaszaiban elemzem, beleértve a személyre szabott ajánlatokat, a hirdetéseket és az ügyfélszolgálati folyamatokat. A dolgozat célja, hogy bemutassa, miként segíti az MI a Wolt marketingtevékenységeit, javítva ezzel a vásárlói élményt és növelve a konverziókat. A kutatás során alkalmazott módszerek között szerepel a másodlagos adatgyűjtés, kérdőíves felmérés és kampányelemzés. Az eredmények azt mutatják, hogy a Wolt sikeresen alkalmazza az MI-alapú megoldásokat a marketingkampányok, az ügyfélszolgálati válaszidők és a személyre szabott ajánlatok terén, ezáltal javítva a felhasználói élményt. Az MI alkalmazásának fejlődése a jövőben még inkább hozzájárulhat a vállalatok sikeréhez, miközben figyelmet igényel az adatkezelés és az átláthatóság kérdése. | |
| 695 | |a e-marketing - elektronikus marketing | ||
| 695 | |a elektronikus megrendelés(ek) | ||
| 695 | |a mesterséges intelligencia | ||
| 695 | |a ügyfélszolgálat | ||
| 695 | |a vásárlói magatartás | ||
| 700 | 1 | |a Bella Zsolt |e ths | |
| 856 | 4 | 0 | |u http://dolgozattar.uni-bge.hu/59650/1/Riedl%20Fruzsina_Szadolgozat_C2G1VX.pdf |z Dokumentum-elérés |
| 856 | 4 | 0 | |u http://dolgozattar.uni-bge.hu/59650/2/Rield%20Fruzsina%20Anna%20b%C3%ADr%C3%A1lat.pdf |z Dokumentum-elérés |
| 856 | 4 | 0 | |u http://dolgozattar.uni-bge.hu/59650/3/BA%20KM%20magyar%20bi%CC%81ra%CC%81lati%20lap%20KU%CC%88LSO%CC%8B_%20Riedl%20Fruzsina.pdf |z Dokumentum-elérés |